<?xml version="1.0" encoding="UTF-8"?>
<record
    xmlns:xsi="http://www.w3.org/2001/XMLSchema-instance"
    xsi:schemaLocation="http://www.loc.gov/MARC21/slim http://www.loc.gov/standards/marcxml/schema/MARC21slim.xsd"
    xmlns="http://www.loc.gov/MARC21/slim">

  <leader>01852nam0a2200433   4500</leader>
  <controlfield tag="001">RU\NLR\bibl\121348</controlfield>
  <controlfield tag="005">20250617100909.0</controlfield>
  <datafield tag="010" ind1=" " ind2=" ">
    <subfield code="a">5-8037-0049-5</subfield>
    <subfield code="9">1000</subfield>
  </datafield>
  <datafield tag="021" ind1=" " ind2=" ">
    <subfield code="a">RU</subfield>
    <subfield code="b">2000-28780</subfield>
    <subfield code="9">1361</subfield>
  </datafield>
  <datafield tag="035" ind1=" " ind2=" ">
    <subfield code="a">(NLR Aleph) 000118841</subfield>
  </datafield>
  <datafield tag="090" ind1=" " ind2=" ">
    <subfield code="a">676244</subfield>
    <subfield code="c">676244</subfield>
  </datafield>
  <datafield tag="100" ind1=" " ind2=" ">
    <subfield code="a">20001012d2000    |||y0rusy50      ca</subfield>
  </datafield>
  <datafield tag="101" ind1="1" ind2=" ">
    <subfield code="a">rus</subfield>
    <subfield code="c">eng</subfield>
  </datafield>
  <datafield tag="102" ind1=" " ind2=" ">
    <subfield code="a">RU</subfield>
  </datafield>
  <datafield tag="105" ind1=" " ind2=" ">
    <subfield code="a">a   |||||||||</subfield>
  </datafield>
  <datafield tag="200" ind1="1" ind2=" ">
    <subfield code="a">&#x424;&#x435;&#x439;&#x43D;&#x43C;&#x430;&#x43D;&#x43E;&#x432;&#x441;&#x43A;&#x438;&#x435; &#x43B;&#x435;&#x43A;&#x446;&#x438;&#x438; &#x43F;&#x43E; &#x433;&#x440;&#x430;&#x432;&#x438;&#x442;&#x430;&#x446;&#x438;&#x438;</subfield>
    <subfield code="f">&#x420;.&#x41F;. &#x424;&#x435;&#x439;&#x43D;&#x43C;&#x430;&#x43D;, &#x424;.&#x411;. &#x41C;&#x43E;&#x440;&#x438;&#x43D;&#x438;&#x433;&#x43E;, &#x423;.&#x413;. &#x412;&#x430;&#x433;&#x43D;&#x435;&#x440;</subfield>
    <subfield code="g">&#x41F;&#x43E;&#x434; &#x440;&#x435;&#x434;. &#x411;. &#x425;&#x430;&#x442;&#x444;&#x438;&#x43B;&#x434;&#x430;</subfield>
    <subfield code="g">&#x41F;&#x435;&#x440;. &#x441; &#x430;&#x43D;&#x433;&#x43B;. &#x44F;&#x437;. &#x434;.&#x444;.-&#x43C;.&#x43D;. &#x410;.&#x424;. &#x417;&#x430;&#x445;&#x430;&#x440;&#x43E;&#x432;&#x430;</subfield>
    <subfield code="g">&#x412;&#x432;&#x435;&#x434;. &#x414;&#x436;. &#x41F;&#x440;&#x435;&#x441;&#x43A;&#x438;&#x43B;&#x43B;&#x430; &#x438; &#x41A;.&#x421;. &#x422;&#x43E;&#x440;&#x43D;&#x430;</subfield>
  </datafield>
  <datafield tag="210" ind1=" " ind2=" ">
    <subfield code="a">&#x41C;.</subfield>
    <subfield code="c">&#x42F;&#x43D;&#x443;&#x441;-&#x41A;</subfield>
    <subfield code="d">2000</subfield>
  </datafield>
  <datafield tag="215" ind1=" " ind2=" ">
    <subfield code="a">296 &#x441;.</subfield>
    <subfield code="c">&#x438;&#x43B;.</subfield>
    <subfield code="d">21</subfield>
  </datafield>
  <datafield tag="300" ind1=" " ind2=" ">
    <subfield code="a">&#x417;&#x430;&#x433;&#x43B;. &#x438; &#x430;&#x432;&#x442;. &#x43E;&#x440;&#x438;&#x433;.: Feynman Lectures on Gravitation / Richard P. Feynman, Fernando B. Morinigo, William G. Wagner</subfield>
  </datafield>
  <datafield tag="320" ind1=" " ind2=" ">
    <subfield code="a">&#x411;&#x438;&#x431;&#x43B;&#x438;&#x43E;&#x433;&#x440;.: &#x441;. 284-291</subfield>
  </datafield>
  <datafield tag="320" ind1=" " ind2=" ">
    <subfield code="a">&#x41F;&#x440;&#x435;&#x434;&#x43C;.-&#x438;&#x43C;&#x435;&#x43D;. &#x443;&#x43A;&#x430;&#x437;.: &#x441;. 292-296</subfield>
  </datafield>
  <datafield tag="454" ind1=" " ind2="0">
    <subfield code="1">2001#$aFeynman Lectures on Gravitation$fRichard P. Feynman, Fernando B. Morinigo, William G. Wagner</subfield>
    <subfield code="t">Feynman Lectures on Gravitation</subfield>
  </datafield>
  <datafield tag="606" ind1="0" ind2=" ">
    <subfield code="a">&#x413;&#x440;&#x430;&#x432;&#x438;&#x442;&#x430;&#x446;&#x438;&#x44F;</subfield>
    <subfield code="9">1353229</subfield>
    <subfield code="3">RU\NLR\auth\66250780</subfield>
  </datafield>
  <datafield tag="606" ind1="0" ind2=" ">
    <subfield code="a">&#x422;&#x44F;&#x433;&#x43E;&#x442;&#x435;&#x43D;&#x438;&#x435;</subfield>
    <subfield code="9">2109281</subfield>
    <subfield code="3">RU\NLR\auth\661274908</subfield>
  </datafield>
  <datafield tag="610" ind1="0" ind2=" ">
    <subfield code="a">&#x412;&#x441;&#x435;&#x43C;&#x438;&#x440;&#x43D;&#x43E;&#x435; &#x442;&#x44F;&#x433;&#x43E;&#x442;&#x435;&#x43D;&#x438;&#x435;</subfield>
  </datafield>
  <datafield tag="675" ind1=" " ind2=" ">
    <subfield code="a">530.12:531.51</subfield>
    <subfield code="v">3</subfield>
    <subfield code="z">rus</subfield>
  </datafield>
  <datafield tag="686" ind1=" " ind2=" ">
    <subfield code="a">29</subfield>
    <subfield code="2">rugasnti</subfield>
  </datafield>
  <datafield tag="686" ind1=" " ind2=" ">
    <subfield code="a">22.31</subfield>
    <subfield code="2">rubbk</subfield>
  </datafield>
  <datafield tag="686" ind1=" " ind2=" ">
    <subfield code="a">&#x412;313.3</subfield>
  </datafield>
  <datafield tag="700" ind1=" " ind2="1">
    <subfield code="a">&#x424;&#x435;&#x439;&#x43D;&#x43C;&#x430;&#x43D;</subfield>
    <subfield code="b">&#x420;. &#x41F;.</subfield>
    <subfield code="g">&#x420;&#x438;&#x447;&#x430;&#x440;&#x434; &#x41F;</subfield>
    <subfield code="4">070</subfield>
  </datafield>
  <datafield tag="701" ind1=" " ind2="1">
    <subfield code="a">&#x41C;&#x43E;&#x440;&#x438;&#x43D;&#x438;&#x433;&#x43E;</subfield>
    <subfield code="b">&#x424;. &#x411;</subfield>
    <subfield code="g">&#x424;&#x435;&#x440;&#x43D;&#x430;&#x43D;&#x434;&#x43E; &#x411;</subfield>
    <subfield code="4">070</subfield>
  </datafield>
  <datafield tag="701" ind1=" " ind2="1">
    <subfield code="a">&#x412;&#x430;&#x433;&#x43D;&#x435;&#x440;</subfield>
    <subfield code="b">&#x423;. &#x413;</subfield>
    <subfield code="g">&#x423;&#x438;&#x43B;&#x44C;&#x44F;&#x43C; &#x413;</subfield>
    <subfield code="4">070</subfield>
  </datafield>
  <datafield tag="801" ind1=" " ind2="0">
    <subfield code="a">RU</subfield>
    <subfield code="b">RKP</subfield>
    <subfield code="c">20001012</subfield>
    <subfield code="g">PSBO</subfield>
  </datafield>
  <datafield tag="801" ind1=" " ind2="1">
    <subfield code="a">RU</subfield>
    <subfield code="b">RKP</subfield>
    <subfield code="c">20001012</subfield>
  </datafield>
  <datafield tag="801" ind1=" " ind2="2">
    <subfield code="a">RU</subfield>
    <subfield code="b">NLR</subfield>
    <subfield code="c">20040203</subfield>
    <subfield code="g">rcr</subfield>
  </datafield>
  <datafield tag="852" ind1=" " ind2=" ">
    <subfield code="a">NLR</subfield>
    <subfield code="j">2000-3/15120</subfield>
  </datafield>
  <datafield tag="942" ind1=" " ind2=" ">
    <subfield code="c">BOOK</subfield>
  </datafield>
  <datafield tag="980" ind1=" " ind2=" ">
    <subfield code="a">NB</subfield>
  </datafield>
  <datafield tag="995" ind1=" " ind2=" ">
    <subfield code="5">2000-12-04</subfield>
    <subfield code="a">ad</subfield>
    <subfield code="b">NLR01</subfield>
    <subfield code="c">NLR01</subfield>
    <subfield code="e">RF8</subfield>
    <subfield code="f">1-2596794</subfield>
    <subfield code="k">2000-3/15120</subfield>
    <subfield code="o">0</subfield>
    <subfield code="r">BOOK</subfield>
    <subfield code="s">2000315120_</subfield>
  </datafield>
  <datafield tag="995" ind1=" " ind2=" ">
    <subfield code="5">2000-12-04</subfield>
    <subfield code="a">ad</subfield>
    <subfield code="b">NLR01</subfield>
    <subfield code="c">NLR01</subfield>
    <subfield code="e">RF8</subfield>
    <subfield code="f">87042</subfield>
    <subfield code="k">2000-3/15120</subfield>
    <subfield code="o">0</subfield>
    <subfield code="r">BOOK</subfield>
    <subfield code="s">2000315120_</subfield>
  </datafield>
</record>
